Paesi del mondo - Digita alla cieca - Statistics

Statistiche generali
  • Questo quiz è stato fatto 4.157 volte
  • Il punteggio medio è 142 su 196
Statistiche sulle risposte
Country % Corretto
Italia
90%
Stati Uniti
86%
Canada
85%
Francia
84%
Russia
83%
Spagna
83%
Messico
82%
Cina
81%
Germania
81%
Portogallo
81%
San Marino
81%
Brasile
80%
Città del vaticano
80%
Norvegia
80%
Svezia
80%
Andorra
79%
Argentina
79%
Australia
79%
Cile
79%
Estonia
79%
Finlandia
79%
Giappone
79%
Irlanda
79%
Islanda
79%
Lettonia
79%
Lituania
79%
Regno Unito
79%
Romania
79%
Slovenia
79%
Austria
78%
Belgio
78%
Corea del nord
78%
Corea del sud
78%
Grecia
78%
India
78%
Paesi Bassi
78%
Slovacchia
78%
Svizzera
78%
Albania
77%
Algeria
77%
Bielorussia
77%
Bulgaria
77%
Croazia
77%
Danimarca
77%
Egitto
77%
Lussemburgo
77%
Marocco
77%
Nuova Zelanda
77%
Polonia
77%
Repubblica Ceca
77%
Repubblica democratica del congo
77%
Ucraina
77%
Colombia
76%
Cuba
76%
Iran
76%
Iraq
76%
Israele
76%
Kosovo
76%
Liechtenstein
76%
Malta
76%
Paraguay
76%
Peru
76%
Ungheria
76%
Uruguay
76%
Venezuela
76%
Arabia Saudita
75%
Indonesia
75%
Libia
75%
Macedonia del nord
75%
Monaco
75%
Montenegro
75%
Pakistan
75%
Serbia
75%
Sudafrica
75%
Tunisia
75%
Afghanistan
74%
Bolivia
74%
Bosnia ed Herzegovina
74%
Cipro
74%
Kazakistan
74%
Moldavia
74%
Niger
74%
Panama
74%
Republica del Congo
74%
Sudan
74%
Turchia
74%
Ecuador
73%
Emirati Arabi Uniti
73%
Etiopia
73%
Guinea
73%
Haiti
73%
Mongolia
73%
Oman
73%
Siria
73%
Vietnam
73%
Yemen
73%
Eritrea
72%
Georgia
72%
Guatemala
72%
Honduras
72%
Kenia
72%
Laos
72%
Nigeria
72%
Qatar
72%
Somalia
72%
Turkmenistan
72%
Uzbekistan
72%
Armenia
71%
Cambogia
71%
Filippine
71%
Guyana
71%
Libano
71%
Madagascar
71%
Nepal
71%
Nicaragua
71%
Repubblica Dominicana
71%
Senegal
71%
Sud Sudan
71%
Thailandia
71%
Angola
70%
Belize
70%
Costa Rica
70%
El Salvador
70%
Giamaica
70%
Giordania
70%
Kirghizistan
70%
Lesotho
70%
Malesia
70%
Mali
70%
Papua Nuova Guinea
70%
Singapore
70%
Sri Lanka
70%
Suriname
70%
Tagikistan
70%
Bhutan
69%
Ciad
69%
Costa d'avorio
69%
Figi
69%
Ghana
69%
Mauritania
69%
Myanmar
69%
Tanzania
69%
Zambia
69%
Bahamas
68%
Bangladesh
68%
Guinea equatoriale
68%
Kuwait
68%
Maldive
68%
Seychelles
68%
Taiwan
68%
Togo
68%
Zimbabwe
68%
Barbados
67%
Burundi
67%
Camerun
67%
Capo verde
67%
Dominica
67%
Eswatini
67%
Guinea-Bissau
67%
Isole Marshall
67%
Mauritius
67%
Namibia
67%
Saint Lucia
67%
Trinidad e Tobago
67%
Uganda
67%
Isole Salomone
66%
Liberia
66%
Mozambico
66%
Repubblica centroafricana
66%
Ruanda
66%
Saint Kitts e Nevis
66%
Antigua e Barbuda
65%
Bahrain
65%
Botswana
65%
Brunei
65%
Gambia
65%
Gibuti
65%
Micronesia
65%
Sierra Leone
65%
Benin
64%
Burkina Faso
64%
Gabon
64%
Malawi
64%
Palau
64%
Samoa
64%
Tonga
64%
Tuvalu
64%
Grenada
63%
Nauru
63%
Sao Tome e Principe
63%
Vanuatu
63%
Kiribati
62%
Saint Vincent e Grenadines
62%
Timor est
62%
Comore
60%
Azerbaigian
56%
Nessun quiz corrispondente trovato
Distribuzione punteggi
Percentuale di utenti per punteggio
Percentile per numero di risposta
I tuoi punteggi nel tempo
Non hai fatto questo quiz